000 00311nam a22001337a 4500
008 170602b xxu||||| |||| 00| 0 eng d
020 _a2247002773
041 _aeng
080 _a93
100 _a17
101 _aSHH
245 _aHISTOIRE DIPLOMATIQUE DE 1919 A NOS JOURS
_cDUROSELLE, J.B
942 _2udc
_cBK
999 _c15534
_d15534